Top 10 Länder in der Hindu-Bevölkerung - Statistiken

Allgemein
  • Dieses Quiz wurde 177 mal gespielt
  • Das Durchschnittsergebnis liegt bei 7 aus 10
Antwortstatistiken
Hindu Population (2010) Land % Korrekt
973,750,000 Indien
99%
3,330,000 Pakistan
92%
12,680,000 Bangladesch
87%
24,170,000 Nepal
83%
2,830,000 Sri Lanka
76%
4,050,000 Indonesien
69%
1,790,000 Vereinigte Staaten
67%
820,000 Myanmar
66%
1,720,000 Malaysia
59%
890,000 Vereinigtes Königreich
51%
Keine übereinstimmenden Quizze gefunden
Verteilung der Resultate
Anzahl Personen mit jedem Resultat
Perzentil nach korrekt beantworteten Fragen
Ihre Resultats-Entwicklung
Sie haben dieses Quiz noch nicht gespielt